Creating wealth

Bibliographic Details
Main Author: Allen, Robert G
Format: Book
Published: New York : A Fireside Book , 1986
Subjects:

MARC

LEADER 00000cam a2200000 7i4500
001 0000015607
002 000017058
005 20000330.0
020 |a 0671621009 
090 0 0 |a 332.0240   |b ALL 
100 1 |a Allen, Robert G 
245 1 0 |a Creating wealth   |c Robert G.Allen 
260 |a New York :   |b A Fireside Book ,   |c 1986 
300 |a 304 p. :   |b ill. ;   |c 21 cm. 
650 0 0 |a Finance, Personal 
999 |a 040414   |b BUKU   |c PINJAMAN   |e PERPUSTAKAAN KOMUNITI PETALING JAYA